<?xml version="1.0" encoding="UTF-8"?>
<record
    xmlns:xsi="http://www.w3.org/2001/XMLSchema-instance"
    xsi:schemaLocation="http://www.loc.gov/MARC21/slim http://www.loc.gov/standards/marcxml/schema/MARC21slim.xsd"
    xmlns="http://www.loc.gov/MARC21/slim">

  <leader>00793nam a22002057a 4500</leader>
  <controlfield tag="003">Nust</controlfield>
  <controlfield tag="005">20241212094107.0</controlfield>
  <controlfield tag="008">170216b        xxu||||| |||| 00| 0 eng d</controlfield>
  <datafield tag="040" ind1=" " ind2=" ">
    <subfield code="c">Nust-MCE</subfield>
  </datafield>
  <datafield tag="082" ind1=" " ind2=" ">
    <subfield code="a">200</subfield>
  </datafield>
  <datafield tag="100" ind1=" " ind2=" ">
    <subfield code="a">Ahmad Syed Bilal </subfield>
    <subfield code="9">127085</subfield>
  </datafield>
  <datafield tag="245" ind1=" " ind2=" ">
    <subfield code="a">Comparison of structural performance using Pakistan building building code practice vs response spectrum analysis derived from spectral acceleration values of Peshawar region/</subfield>
    <subfield code="c">Syed Bilal Ahmad </subfield>
  </datafield>
  <datafield tag="260" ind1=" " ind2=" ">
    <subfield code="a">Risalpur</subfield>
    <subfield code="b">MCE</subfield>
    <subfield code="c">2015.</subfield>
  </datafield>
  <datafield tag="300" ind1=" " ind2=" ">
    <subfield code="a">xii,105p.</subfield>
  </datafield>
  <datafield tag="526" ind1=" " ind2=" ">
    <subfield code="a">MS-Construction Engineering and Management </subfield>
  </datafield>
  <datafield tag="600" ind1=" " ind2=" ">
    <subfield code="x">MS-Construction Engineering and Management </subfield>
    <subfield code="9">126637</subfield>
  </datafield>
  <datafield tag="700" ind1=" " ind2=" ">
    <subfield code="a">Supervisor: Dr. Muhammad Maqbool Sadiq</subfield>
  </datafield>
  <datafield tag="856" ind1=" " ind2=" ">
    <subfield code="u">http://10.250.8.41:8080/xmlui/handle/123456789/11786</subfield>
  </datafield>
  <datafield tag="942" ind1=" " ind2=" ">
    <subfield code="c">SC</subfield>
    <subfield code="2">ddc</subfield>
  </datafield>
  <datafield tag="999" ind1=" " ind2=" ">
    <subfield code="c">232282</subfield>
    <subfield code="d">232282</subfield>
  </datafield>
  <datafield tag="952" ind1=" " ind2=" ">
    <subfield code="0">0</subfield>
    <subfield code="1">0</subfield>
    <subfield code="2">ddc</subfield>
    <subfield code="4">0</subfield>
    <subfield code="7">0</subfield>
    <subfield code="a">CL</subfield>
    <subfield code="b">CL</subfield>
    <subfield code="c">THE</subfield>
    <subfield code="d">2020-10-01</subfield>
    <subfield code="l">0</subfield>
    <subfield code="o">363.3</subfield>
    <subfield code="p">CL-T-6387</subfield>
    <subfield code="r">2020-10-01</subfield>
    <subfield code="w">2020-10-01</subfield>
    <subfield code="y">BK</subfield>
  </datafield>
</record>
